Good retirement guide

Detalles Bibliográficos
Título anterior:Good non retirement guide
Otros Autores: Kay, Frances, 1949-, Smith, Allan (Allan E.)
Formato: Electrónico Seriadas
Lenguaje:inglés
Publicado: London : Kogan Page, 2013-
Materias:
Acceso en línea:Full text available from Research Library: 01/01/2015 to 01/31/2015

MARC

LEADER 00000nas a2200000 i 4500
001 ssj0002140510
003 WaSeSS
005 20200512172242.0
006 m d
007 cr n
008 140115c20139999enkar s 0 a0eng
010 |a  2019204955 
022 |y 2397-1967 
035 |a (WaSeSS)ssj0002140510 
040 |a UkCU  |b eng  |c CUD  |d OCLCO  |d OCLCF  |d OCL  |d DLC  |d CLE  |d DLC  |d WaSeSS 
042 |a lccopycat 
050 0 0 |a HQ1062  |b .G663 
245 0 0 |a Good retirement guide  |h [electronic resource]. 
260 |a London :  |b Kogan Page,  |c 2013- 
310 |a Annual 
362 1 |a Began with: 27th ed. (2013). 
500 |a 31st edition (2017) edited by Frances Kay and Allan Esler Smith. 
506 |a License restrictions may limit access. 
588 |a Description based on: 33rd ed. (2019); title from title page. 
588 |a Latest issue consulted: 33rd ed. (2019). 
650 0 |a Retirement  |v Handbooks, manuals, etc. 
650 0 |a Older people  |v Life skills guides. 
650 7 |a Older people.  |2 fast  |0 (OCoLC)fst01199093 
650 7 |a Retirement.  |2 fast  |0 (OCoLC)fst01096288 
655 0 |a Electronic journals. 
700 1 |a Kay, Frances,  |d 1949- 
700 1 |a Smith, Allan  |q (Allan E.) 
780 0 0 |t Good non retirement guide  |x 1460-4043 
850 |a DLC 
856 4 0 |z Full text available from Research Library: 01/01/2015 to 01/31/2015  |u https://search.proquest.com/publication/2043261